000 00403cam a2200145ua 4500
041 _amal
_h
082 _a954.01
_bBAL/NA
100 _aBalakrishna pillai, Umayanalloor .
245 _aNalanda /
_cUmayanalloor Balakrishna pillai.
_hTextual Documents
260 _aKottayam :
_bSahitya Pravarthaka Co-operative Society ,
_c1963.
300 _a156 ; .
504 _a
942 _cBK
999 _c701
_d701